Drahí bratia v kňazskej službe, milí novokňazi!

Bibliographic Details
Main Author: Orosch, Ján, 1953- (Author)
Format: Article
Language:Slovak
ISSN:0139-861X
Subjects:

MARC

LEADER 00000nab a2200000 a 4500
001 vtls008427147
003 SK-MaSNL
005 20260303065948.0
008 140328c2005 xo mr|p|||||||000 b|slo
015 |a SNBRB2006/01  |2 snkbucl 
038 |a SNKBUCL 
040 |a SNKBUCL  |b slo  |c SNKBUCL  |e AACR2 
041 0 |a slo 
044 |a xo  |c SK 
080 |a 261.2:282  |x (437.6)  |2 1997 
080 |a 282  |x (437.6)  |2 1997 
100 1 |a Orosch, Ján,  |d 1953-  |4 aut  |9 110590 
245 1 0 |a Drahí bratia v kňazskej službe, milí novokňazi!  |c Ján Orosch 
610 2 7 |a Rímskokatolícka cirkev  |x novokňazi  |2 snkbucl  |9 892207 
650 0 7 |a novokňazi  |y 2004/2005  |2 snkbucl  |9 1066723 
773 0 |t Duchovný pastier  |g Roč. 86, č. 6 (2005), s. 349-350  |x 0139-861X 
852 |a SNK  |b KIS3GCP 
958 |a SK 
958 |a NT 
999 |c 1753437  |d 1755367